000 00668pab a2200181 454500
008 180718b2003 xxu||||| |||| 00| 0 eng d
100 _aGuruswamy, Mohan
245 _aCan India catch up with China?
260 _c2003
300 _ap.4749-751.
362 _a8 Nov
520 _aThe real challenge is not catching up with China's growth rate, which must inevitably slow down, but whether India can come abreast of China in industrial growth and competitiveness and in expansion of the workforce. - Reproduced.
650 _aIndustrial growth
700 _aHanda, Vishal
700 _aKaul, Abhishek
773 _aEconomic and Political Weekly
909 _a58551
999 _c58551
_d58551